ბათუმის შოთა რუსთაველის სახელმწიფო უნივერსიტეტის ბიბლიოთეკა

Технология бетонных и железобетонных изделий. (ბიბ.ჩანაწერი № 40674)

000 -LEADER
fixed length control field 00688nam a2200217Ia 4500
001 - CONTROL NUMBER
control field 7302
003 - CONTROL NUMBER IDENTIFIER
control field GE_BSU
008 - FIXED-LENGTH DATA ELEMENTS--GENERAL INFORMATION
fixed length control field 181216s||||||||xx |||||||||||||| ||und||
040 ## - CATALOGING SOURCE
Transcribing agency GE_BSU
080 ## - UNIVERSAL DECIMAL CLASSIFICATION NUMBER
Universal Decimal Classification number 666.97/98(075.8)
100 ## - MAIN ENTRY--PERSONAL NAME
Personal name Гершберг,О.А.
245 ## - TITLE STATEMENT
Title Технология бетонных и железобетонных изделий.
245 ## - TITLE STATEMENT
Remainder of title Учебник.
250 ## - EDITION STATEMENT
Edition statement Изд. третье, перераб. и допол.
260 ## - PUBLICATION, DISTRIBUTION, ETC.
Place of publication, distribution, etc. М.
260 ## - PUBLICATION, DISTRIBUTION, ETC.
Name of publisher, distributor, etc. Стройиздат.
260 ## - PUBLICATION, DISTRIBUTION, ETC.
Date of publication, distribution, etc. 1971.
300 ## - PHYSICAL DESCRIPTION
Extent 359стр.с илл.27см.
653 ## - INDEX TERM--UNCONTROLLED
Uncontrolled term Технология бетонных и железобетонных изделий.
942 ## - ADDED ENTRY ELEMENTS (KOHA)
Koha item type წიგნი
ეგზემპლარები
Withdrawn status Lost status Damaged status Not for loan Date acquired Barcode Date last seen Price effective from Koha item type
        2018-12-17 10008 2018-12-17 2018-12-17 წიგნი